| 000 | 00875nam a2200217 i 4500 | ||
|---|---|---|---|
| 001 | 184658 | ||
| 003 | ES-MaACL | ||
| 005 | 20250809041016.0 | ||
| 007 | t| | ||
| 008 | 151102m19021905sp ||||1| spa d | ||
| 245 | 0 | 0 |
_aColección de las instituciones políticas y jurídicas de los pueblos modernos. _nSegunda serie, _pEstados americanos / _cdirigida por el Dr. D. Alejo García Moreno. |
| 260 |
_aMadrid : _bRevista de Legislación Universal, _c1902-1905. |
||
| 300 |
_a2 v. ; _c24 cm. |
||
| 505 | 8 | _aContiene: t. 1. República de Honduras y Dominicana (VIII, 656, 69 p.) -- t. 2. República de Chile (787 p.) | |
| 650 | 7 |
_aDerecho- _zHonduras _2 _9158061 |
|
| 650 | 7 |
_aDerecho- _zChile _2 _9158062 |
|
| 650 | 7 |
_aDerecho- _zRepública Dominicana _2 _9158063 |
|
| 700 | 1 |
_aGarcía Moreno, A. _954997 |
|
| 852 |
_aES-MaACL _jF-3386-87 |
||
| 999 |
_c184658 _d184658 |
||